[Event "Bad Woerishofen Seniors op 32nd"]
[Site "Bad Woerishofen"]
[Date "2016.03.01"]
[Round "5"]
[White "Oppermann, Peter"]
[Black "Lange, Manfred"]
[Result "1/2-1/2"]
[WhiteElo "1933"]
[BlackElo "2098"]
[PlyCount "38"]
[EventDate "2016.02.26"]
[EventType "swiss"]
[EventRounds "9"]
[EventCountry "GER"]
[SourceTitle "EXT 2019"]
[Source "ChessBase"]
[SourceDate "2018.10.10"]
[SourceVersion "1"]
[SourceVersionDate "2018.10.10"]
[SourceQuality "1"]

1. d4 d5 2. Nf3 Nf6 3. e3 c5 4. b3 Nc6 5. Bb2 cxd4 6. exd4 Bf5 7. Nbd2 Nb4 8. Bb5+ Nd7 9. Ne5 Nxc2+ 10. Kf1 Nxa1 11. Qf3 f6 12. Qxf5 fxe5 13. Nf3 Qc7 14. Nxe5 0-0-0 15. Nxd7 Rxd7 16. Bxd7+ Qxd7 17. Qxd7+ Kxd7 18. Bxa1 e6 19. Ke2 Ba3 1/2-1/2

[Event "Bad Woerishofen Seniors op 30th"]
[Site "Bad Woerishofen"]
[Date "2014.03.29"]
[Round "9"]
[White "Krotofil, Kurt"]
[Black "Lange, Manfred"]
[Result "0-1"]
[WhiteElo "1914"]
[BlackElo "2089"]
[PlyCount "74"]
[EventDate "2014.03.21"]
[EventType "swiss"]
[EventRounds "9"]
[EventCountry "GER"]
[SourceTitle "EXT 2019"]
[Source "ChessBase"]
[SourceDate "2018.10.10"]
[SourceVersion "1"]
[SourceVersionDate "2018.10.10"]
[SourceQuality "1"]

1. d4 Nf6 2. c4 g6 3. Nc3 Bg7 4. e4 d6 5. Nf3 0-0 6. Be2 Nbd7 7. 0-0 e5 8. Re1 Re8 9. Bf1 h6 10. d5 a5 11. Rb1 Nc5 12. b3 Nh5 13. a3 f5 14. Nd2 Nf4 15. Re3 Bd7 16. g3 Nh5 17. b4 f4 18. Re1 axb4 19. axb4 Na4 20. Qb3 Rf8 21. Nxa4 Rxa4 22. g4 Nf6 23. f3 Qa8 24. b5 Qa5 25. c5 dxc5 26. d6+ Kh7 27. Nc4 Rxc4 28. Qxc4 Qxe1 29. dxc7 b6 30. Qa2 Qd1 31. Bd2 Qxf3 32. Ba5 Ra8 33. Qd2 Qxg4+ 34. Kh1 Rxa5 35. Qxa5 bxa5 36. b6 Nxe4 37. Rb2 Nd6 0-1

[Event "Bad Woerishofen Seniors op 30th"]
[Site "Bad Woerishofen"]
[Date "2014.03.24"]
[Round "4"]
[White "Lange, Manfred"]
[Black "Koenigl, Anton"]
[Result "1-0"]
[WhiteElo "2089"]
[BlackElo "1917"]
[PlyCount "105"]
[EventDate "2014.03.21"]
[EventType "swiss"]
[EventRounds "9"]
[EventCountry "GER"]
[SourceTitle "EXT 2019"]
[Source "ChessBase"]
[SourceDate "2018.10.10"]
[SourceVersion "1"]
[SourceVersionDate "2018.10.10"]
[SourceQuality "1"]

1. e4 g6 2. d4 Bg7 3. f4 d6 4. Nf3 Nf6 5. Nc3 c6 6. Be2 0-0 7. 0-0 a6 8. a4 a5 9. Kh1 Qb6 10. Ra3 Rd8 11. Be3 Qc7 12. Qe1 Ng4 13. Bg1 Nd7 14. Qh4 Nf8 15. Bc4 h5 16. Ng5 e6 17. f5 d5 18. exd5 cxd5 19. Bd3 exf5 20. h3 Nh6 21. Nb5 Qe7 22. Qg3 Bf6 23. Nf3 Bd7 24. Re1 Be6 25. Be3 Kh7 26. Bf4 Kg7 27. Bd6 Qd7 28. Ne5 Bxe5 29. Qxe5+ Kh7 30. Rc3 Rac8 31. Bc7 Re8 32. Nd6 Qe7 33. Nxc8 Rxc8 34. Bd6 Qd7 35. Rxc8 Qxc8 36. Bxf8 Qxf8 37. c3 Qd8 38. Rf1 Qb6 39. Bb5 Qd8 40. Qf4 Qe7 41. Re1 Ng8 42. Re5 Nh6 43. c4 dxc4 44. d5 Qd6 45. dxe6 fxe6 46. Qe3 Qd1+ 47. Kh2 Qd6 48. Kg1 Qd1+ 49. Kf2 f4 50. Qxf4 Nf5 51. Rxe6 Qc2+ 52. Re2 Qb3 53. g4 1-0

[Event "Bad Woerishofen Seniors op 28th"]
[Site "Bad Woerishofen"]
[Date "2012.03.04"]
[Round "3.24"]
[White "Abegg, Beat"]
[Black "Lange, Manfred"]
[Result "1/2-1/2"]
[WhiteElo "1713"]
[BlackElo "1963"]
[PlyCount "38"]
[EventDate "2012.03.02"]
[EventType "swiss"]
[EventRounds "9"]
[EventCountry "GER"]
[SourceTitle "EXT 2022"]
[Source "ChessBase"]
[SourceDate "2021.10.06"]
[SourceVersion "1"]
[SourceVersionDate "2021.10.06"]
[SourceQuality "1"]

1. d4 Nf6 2. c4 g6 3. g3 Bg7 4. Bg2 0-0 5. Nc3 d6 6. Nf3 Nbd7 7. 0-0 e5 8. e4 c6 9. h3 Qb6 10. dxe5 Nxe5 11. Nxe5 dxe5 12. Qe2 Be6 13. b3 Rfd8 14. Be3 Qa5 15. Na4 Nd7 16. Rfd1 b5 17. cxb5 cxb5 18. Nc5 Nxc5 19. Bxc5 Rac8 1/2-1/2

[Event "Bad Woerishofen Seniors op 24th"]
[Site "Bad Woerishofen"]
[Date "2008.03.04"]
[Round "6"]
[White "Lange, Manfred"]
[Black "Neumann, Erwin"]
[Result "1-0"]
[WhiteElo "1968"]
[BlackElo "1806"]
[PlyCount "79"]
[EventDate "2008.02.28"]
[EventType "swiss"]
[EventRounds "9"]
[EventCountry "GER"]
[SourceTitle "EXT 2022"]
[Source "ChessBase"]
[SourceDate "2021.10.06"]
[SourceVersion "1"]
[SourceVersionDate "2021.10.06"]
[SourceQuality "1"]

1. e4 e5 2. Nf3 Nf6 3. Nxe5 d6 4. Nf3 Nxe4 5. d4 d5 6. Bd3 Be7 7. 0-0 0-0 8. c4 c6 9. Qb3 dxc4 10. Bxc4 Nd6 11. Bd3 Be6 12. Qc2 f5 13. Re1 Bd5 14. Ne5 Nd7 15. Nc3 Rc8 16. Nxd5 cxd5 17. Qb3 Nb6 18. Bd2 Nbc4 19. Bb4 Ne4 20. Bxe7 Qxe7 21. Nxc4 dxc4 22. Bxc4+ Kh8 23. f3 Qd6 24. Rad1 Ng5 25. Bf1 b6 26. h4 Nf7 27. Bc4 Nh6 28. Be6 Rce8 29. d5 Qf4 30. d6 Qxh4 31. d7 Rd8 32. Qa3 Ng4 33. fxg4 fxg4 34. Qe3 g3 35. Bh3 h6 36. Rd3 Qb4 37. b3 Qa5 38. Qxg3 Qxa2 39. Rf3 Rxf3 40. Qxf3 1-0

[Event "Bad Woerishofen Seniors op 24th"]
[Site "Bad Woerishofen"]
[Date "2008.03.01"]
[Round "3"]
[White "Zunker, Reinhard"]
[Black "Lange, Manfred"]
[Result "1/2-1/2"]
[WhiteElo "2251"]
[BlackElo "2078"]
[PlyCount "35"]
[EventDate "2008.02.28"]
[EventType "swiss"]
[EventRounds "9"]
[EventCountry "GER"]
[SourceTitle "EXT 2019"]
[Source "ChessBase"]
[SourceDate "2018.10.10"]
[SourceVersion "1"]
[SourceVersionDate "2018.10.10"]
[SourceQuality "1"]

1. e4 e5 2. Nf3 Nc6 3. Bb5 a6 4. Ba4 d6 5. Bxc6+ bxc6 6. d4 exd4 7. Qxd4 c5 8. Qd3 Be7 9. Nc3 a5 10. Nd5 Nf6 11. Bf4 Nxd5 12. Qxd5 Be6 13. Qd2 0-0 14. 0-0 Qb8 15. a3 Qb7 16. Rfe1 Rfb8 17. b3 a4 18. bxa4 1/2-1/2

[Event "Bad Woerishofen Seniors op 24th"]
[Site "Bad Woerishofen"]
[Date "2008.02.28"]
[Round "1"]
[White "Lange, Manfred"]
[Black "Kolas, Matija"]
[Result "1-0"]
[WhiteElo "1968"]
[BlackElo "1671"]
[PlyCount "111"]
[EventDate "2008.02.28"]
[EventType "swiss"]
[EventRounds "9"]
[EventCountry "GER"]
[SourceTitle "EXT 2022"]
[Source "ChessBase"]
[SourceDate "2021.10.06"]
[SourceVersion "1"]
[SourceVersionDate "2021.10.06"]
[SourceQuality "1"]

1. e4 c5 2. Nf3 Nc6 3. d4 cxd4 4. Nxd4 d6 5. Nc3 Nf6 6. Be2 g6 7. 0-0 Bg7 8. Be3 0-0 9. Qd2 a6 10. Rad1 Bg4 11. f3 Bc8 12. Nxc6 bxc6 13. e5 Ne8 14. exd6 exd6 15. Bd4 d5 16. Na4 Nd6 17. Bxg7 Kxg7 18. Qc3+ Kg8 19. Qxc6 Bb7 20. Qb6 Qe7 21. Bd3 Bc8 22. Rfe1 Be6 23. Qd4 Qc7 24. Nc5 Rfe8 25. Nxa6 Rxa6 26. Bxa6 Nf5 27. Qf2 Ra8 28. Bd3 Rxa2 29. Bxf5 gxf5 30. c3 Qb7 31. Re2 f4 32. h3 Qb3 33. Kh2 Ra8 34. Rd4 Qb8 35. Red2 Ra2 36. Rb4 Qc7 37. Qd4 h6 38. Re2 Ra1 39. Qxf4 Qa7 40. Qb8+ Kh7 41. Qxa7 Rxa7 42. Kg3 Kg6 43. Kf4 Ra5 44. g4 Rc5 45. Re5 Kf6 46. h4 Ke7 47. Rh5 f5 48. Rxh6 fxg4 49. Rb7+ Kd6 50. Rb6+ Kd7 51. Rhxe6 Rc4+ 52. Kg3 gxf3 53. Kxf3 Rc5 54. Rg6 Ke7 55. Rg7+ Kf8 56. Ra7 1-0

[Event "Bad Woerishofen Seniors opA 23rd"]
[Site "Bad Woerishofen"]
[Date "2007.03.15"]
[Round "8"]
[White "Lange, Manfred"]
[Black "Minz, Michail"]
[Result "1/2-1/2"]
[WhiteElo "1958"]
[BlackElo "2029"]
[PlyCount "55"]
[EventDate "2007.03.08"]
[EventType "swiss"]
[EventRounds "9"]
[EventCountry "GER"]
[SourceTitle "EXT 2022"]
[Source "ChessBase"]
[SourceDate "2021.10.06"]
[SourceVersion "1"]
[SourceVersionDate "2021.10.06"]
[SourceQuality "1"]

1. e4 e6 2. d4 d5 3. Nc3 Nf6 4. e5 Nfd7 5. f4 c5 6. Nf3 a6 7. Be3 b5 8. dxc5 Bxc5 9. Bxc5 Nxc5 10. Qd4 Qe7 11. b4 Ne4 12. Nxe4 dxe4 13. Nd2 Nc6 14. Qxe4 Bb7 15. c3 Rd8 16. Qe3 f6 17. exf6 Qxf6 18. Ne4 Qh4+ 19. g3 Qe7 20. a3 0-0 21. Bg2 e5 22. 0-0 exf4 23. Rxf4 Rxf4 24. Qxf4 Ne5 25. Rf1 Bxe4 26. Bxe4 Nc4 27. Qf5 g6 28. Bd5+ 1/2-1/2

[Event "Bad Woerishofen Seniors opA 23rd"]
[Site "Bad Woerishofen"]
[Date "2007.03.12"]
[Round "5"]
[White "Lange, Manfred"]
[Black "Weber, Gerhard"]
[Result "1/2-1/2"]
[WhiteElo "1958"]
[BlackElo "1794"]
[PlyCount "65"]
[EventDate "2007.03.08"]
[EventType "swiss"]
[EventRounds "9"]
[EventCountry "GER"]
[SourceTitle "EXT 2022"]
[Source "ChessBase"]
[SourceDate "2021.10.06"]
[SourceVersion "1"]
[SourceVersionDate "2021.10.06"]
[SourceQuality "1"]

1. e4 d6 2. d4 g6 3. Nc3 Bg7 4. Be3 Nd7 5. Nf3 Ngf6 6. h3 0-0 7. Qd2 c5 8. Bh6 cxd4 9. Nxd4 Qa5 10. Bxg7 Kxg7 11. Nb3 Qd8 12. Rd1 b6 13. Bd3 Bb7 14. 0-0 Rc8 15. Qe3 Ne5 16. f4 Nxd3 17. cxd3 e6 18. f5 exf5 19. exf5 Re8 20. Qd4 Re5 21. fxg6 hxg6 22. Nd2 Qc7 23. Nc4 Re6 24. Rf2 Qc5 25. Qf4 b5 26. Na5 Ba8 27. Nb3 Qe5 28. Nd4 Re7 29. Ndxb5 Qxf4 30. Rxf4 Rb8 31. Rf2 d5 32. Rdf1 Ne8 33. g4 1/2-1/2

[Event "Bad Woerishofen Seniors opA 23rd"]
[Site "Bad Woerishofen"]
[Date "2007.03.11"]
[Round "4"]
[White "Frank, Nikolaus"]
[Black "Lange, Manfred"]
[Result "1/2-1/2"]
[WhiteElo "1857"]
[BlackElo "1958"]
[PlyCount "51"]
[EventDate "2007.03.08"]
[EventType "swiss"]
[EventRounds "9"]
[EventCountry "GER"]
[SourceTitle "EXT 2022"]
[Source "ChessBase"]
[SourceDate "2021.10.06"]
[SourceVersion "1"]
[SourceVersionDate "2021.10.06"]
[SourceQuality "1"]

1. e4 c5 2. Nf3 Nc6 3. d4 cxd4 4. Nxd4 e5 5. Nxc6 bxc6 6. Bc4 Nf6 7. Qe2 Be7 8. Nc3 0-0 9. Bg5 h6 10. Bh4 Qb6 11. Bb3 a5 12. Bxf6 Bxf6 13. Na4 Qc7 14. 0-0 Be7 15. Rfd1 d6 16. c4 Be6 17. Rac1 Rab8 18. Rc3 c5 19. Rcd3 Rb4 20. Qc2 f5 21. a3 fxe4 22. Re3 Rbb8 23. Nc3 Bg5 24. Ree1 Qb6 25. Nb5 Rbd8 26. a4 1/2-1/2

[Event "Regionalliga NW 0607"]
[Site "Bayern"]
[Date "2006.10.15"]
[Round "1.7"]
[White "Tratberger, Rainer"]
[Black "Lange, Manfred"]
[Result "1/2-1/2"]
[WhiteElo "1929"]
[BlackElo "1953"]
[PlyCount "44"]
[EventDate "2006.10.15"]
[EventType "team-tourn"]
[EventRounds "9"]
[EventCountry "GER"]
[SourceTitle "EXT 2008"]
[Source "ChessBase"]
[SourceDate "2007.11.25"]
[SourceVersion "1"]
[SourceVersionDate "2007.11.25"]
[SourceQuality "1"]
[WhiteTeam "Burgsinn"]
[BlackTeam "Wuerzburg II"]
[WhiteTeamCountry "GER"]
[BlackTeamCountry "GER"]

1. d4 Nf6 2. Nf3 g6 3. Bf4 Bg7 4. e3 0-0 5. h3 d5 6. c4 c5 7. Nc3 cxd4 8. exd4 Nc6 9. Be2 Bf5 10. 0-0 dxc4 11. Bxc4 Ne4 12. Re1 Nxc3 13. bxc3 Rc8 14. Bf1 Qa5 15. Qb3 Be6 16. Qxb7 Bd5 17. Qb5 Bxf3 18. Qxa5 Nxa5 19. gxf3 Rxc3 20. Rxe7 Nc6 21. Rc7 Bxd4 22. Rd1 Bb6 1/2-1/2

[Event "Bad Woerishofen Seniors opA 22th"]
[Site "Bad Woerishofen"]
[Date "2006.03.18"]
[Round "2"]
[White "Mahrla, Hans"]
[Black "Lange, Manfred"]
[Result "1-0"]
[WhiteElo "1598"]
[BlackElo "1923"]
[PlyCount "117"]
[EventDate "2006.03.17"]
[EventType "swiss"]
[EventRounds "9"]
[EventCountry "GER"]
[SourceTitle "EXT 2022"]
[Source "ChessBase"]
[SourceDate "2021.10.06"]
[SourceVersion "1"]
[SourceVersionDate "2021.10.06"]
[SourceQuality "1"]

1. e4 c5 2. Nf3 Nf6 3. Nc3 Nc6 4. d4 cxd4 5. Nxd4 d6 6. Bb5 Bd7 7. Be3 a6 8. Nxc6 bxc6 9. Bd3 Ng4 10. Bc1 g6 11. Be2 Nf6 12. Be3 Bg7 13. Rb1 0-0 14. 0-0 Qa5 15. Qd2 Rfe8 16. h3 Qb4 17. Qd3 c5 18. a3 Qb7 19. Bf3 Bc6 20. Rfd1 Nd7 21. Qd2 Ne5 22. Be2 Bxe4 23. Nxe4 Qxe4 24. b3 Qf5 25. f4 Nc6 26. Bg4 Qf6 27. Bd7 Nd4 28. Bxe8 Rxe8 29. Rf1 Nb5 30. a4 Nc3 31. Rbe1 Qf5 32. Qf2 Nd5 33. g4 Qd7 34. Kh2 Qc7 35. Bd2 c4 36. Qf3 Qc5 37. Re4 cxb3 38. cxb3 Nf6 39. Rc4 Qa7 40. Rfc1 Qb8 41. Rc7 d5 42. Qd3 d4 43. Qxa6 Qxb3 44. Rc8 Qf3 45. Rxe8+ Nxe8 46. Qf1 Qa8 47. Qb5 Nd6 48. Qc6 Qxc6 49. Rxc6 h5 50. a5 d3 51. a6 Bd4 52. Kg2 Ne4 53. Rc8+ Kg7 54. Rd8 Nd6 55. Kf3 hxg4+ 56. hxg4 f5 57. Rxd6 exd6 58. gxf5 gxf5 59. Be3 1-0

[Event "Bad Woerishofen Seniors op 21st"]
[Site "Bad Woerishofen"]
[Date "2005.03.08"]
[Round "6"]
[White "Aigner, Georg"]
[Black "Lange, Manfred"]
[Result "0-1"]
[WhiteElo "1823"]
[BlackElo "1943"]
[PlyCount "80"]
[EventDate "2005.03.03"]
[EventType "swiss"]
[EventRounds "9"]
[EventCountry "GER"]
[SourceTitle "EXT 2006"]
[Source "ChessBase"]
[SourceDate "2005.11.24"]
[SourceVersion "1"]
[SourceVersionDate "2005.11.24"]
[SourceQuality "1"]

1. e4 e5 2. Nf3 Nc6 3. Bb5 a6 4. Ba4 d6 5. d4 b5 6. Bb3 Nxd4 7. Nxd4 exd4 8. Qxd4 c5 9. Qd5 Be6 10. Qc6+ Bd7 11. Qd5 c4 12. Bxc4 bxc4 13. Qxc4 Bb5 14. Qd4 Rc8 15. Nc3 Rc4 16. Qe3 Nf6 17. b3 Rc7 18. Bb2 Be7 19. 0-0-0 Qc8 20. Rd2 0-0 21. f4 Bc6 22. Re1 Re8 23. Qg3 Bf8 24. Rde2 d5 25. e5 Ne4 26. Nxe4 dxe4 27. h4 Qf5 28. Kb1 Rec8 29. Rc1 g6 30. Qe3 Bb5 31. c4 Bc6 32. Rg1 Qg4 33. Ree1 Rd7 34. Qb6 Bb7 35. Ka1 Bc5 36. Qf6 Qe6 37. Qg5 Bxg1 38. Rxg1 Rcd8 39. a4 Qf5 40. Qh6 Qh5 0-1

[Event "Bayern-ch Seniors 15th"]
[Site "Schloss Schney"]
[Date "2003.06.19"]
[Round "7.7"]
[White "Mueller, Helmut2"]
[Black "Lange, Manfred"]
[Result "1-0"]
[WhiteElo "1865"]
[BlackElo "1957"]
[PlyCount "75"]
[EventDate "2003.06.13"]
[EventType "swiss"]
[EventRounds "9"]
[EventCountry "GER"]
[SourceTitle "EXT 2004"]
[Source "ChessBase"]
[SourceDate "2003.11.25"]
[SourceVersion "1"]
[SourceVersionDate "2003.11.25"]
[SourceQuality "1"]

1. Nf3 Nf6 2. g3 d6 3. Bg2 g6 4. 0-0 c5 5. c4 Nc6 6. Nc3 Bg7 7. b3 0-0 8. Bb2 Rb8 9. d4 cxd4 10. Nxd4 Bd7 11. Re1 Qa5 12. Nxc6 Bxc6 13. Qc2 Bxg2 14. Kxg2 Rfc8 15. e4 b5 16. e5 dxe5 17. Rxe5 e6 18. Qe2 Qa6 19. Rxb5 Qc6+ 20. Qf3 Qxf3+ 21. Kxf3 Nd7 22. Rxb8 Rxb8 23. Na4 e5 24. Rd1 Rb7 25. Ba3 f5 26. c5 e4+ 27. Ke2 Rc7 28. b4 Ne5 29. Rd8+ Kf7 30. b5 Bf6 31. Rb8 Nc4 32. Bb4 Be5 33. c6 Re7 34. Ra8 Rc7 35. Nc3 Bxc3 36. Bxc3 Na3 37. Rb8 Nc4 38. Rb7 1-0

[Event "Bayern-ch Seniors 15th"]
[Site "Schloss Schney"]
[Date "2003.06.15"]
[Round "3.1"]
[White "Lange, Manfred"]
[Black "Goy, Udo"]
[Result "0-1"]
[WhiteElo "1957"]
[BlackElo "2160"]
[PlyCount "126"]
[EventDate "2003.06.13"]
[EventType "swiss"]
[EventRounds "9"]
[EventCountry "GER"]
[SourceTitle "EXT 2004"]
[Source "ChessBase"]
[SourceDate "2003.11.25"]
[SourceVersion "1"]
[SourceVersionDate "2003.11.25"]
[SourceQuality "1"]

1. e4 g6 2. d4 Bg7 3. Nc3 d6 4. Nf3 c6 5. Be2 Nf6 6. 0-0 0-0 7. h3 Nbd7 8. e5 Ne8 9. Bg5 f6 10. exf6 exf6 11. Bf4 d5 12. Qd2 Nb6 13. b3 Nd6 14. Bd3 Be6 15. Rae1 Qd7 16. Re2 Rae8 17. Rfe1 Nbc8 18. Bh6 Nf7 19. Bxg7 Kxg7 20. Qf4 Ncd6 21. g4 g5 22. Qg3 h6 23. Nd1 Nh8 24. Nd2 Bf7 25. Rxe8 Rxe8 26. Rxe8 Bxe8 27. Ne3 Nhf7 28. Nf5+ Nxf5 29. Bxf5 Qd6 30. Qxd6 Nxd6 31. Bd3 f5 32. Nf3 f4 33. h4 gxh4 34. Nxh4 Kf6 35. Nf5 Nxf5 36. Bxf5 b6 37. Bc8 Bg6 38. c3 Be4 39. Kh2 Kg5 40. b4 Bf3 41. Kh3 Be2 42. Bd7 Bf1+ 43. Kh2 Kh4 44. f3 Bb5 45. Kg2 Ba4 46. Be8 Kg5 47. Kf2 Kf6 48. Bd7 Ke7 49. Bf5 Kd6 50. Bd3 Bd1 51. Bg6 c5 52. Be8 a5 53. bxa5 bxa5 54. a3 Bb3 55. Ke2 Bc4+ 56. Kd2 Ba6 57. Ba4 Bc4 58. Be8 cxd4 59. cxd4 Ke7 60. Bg6 Kf6 61. Bd3 Bxd3 62. Kxd3 Kg5 63. Ke2 Kh4 0-1

[Event "Bayern-ch Seniors 14th"]
[Site "Schloss Schney"]
[Date "2002.06.05"]
[Round "5"]
[White "Lange, Manfred"]
[Black "Baumann, Walter"]
[Result "1-0"]
[WhiteElo "1988"]
[BlackElo "1708"]
[PlyCount "87"]
[EventDate "2002.05.31"]
[EventType "swiss"]
[EventRounds "9"]
[EventCountry "GER"]
[SourceTitle "EXT 2003"]
[Source "ChessBase"]
[SourceDate "2002.11.25"]
[SourceVersion "1"]
[SourceVersionDate "2002.11.25"]
[SourceQuality "1"]

1. e4 e5 2. Nf3 Nc6 3. Nc3 Bc5 4. Nxe5 Bxf2+ 5. Kxf2 Nxe5 6. d4 Nc6 7. Be3 d6 8. Be2 Qf6+ 9. Bf3 Bg4 10. Nd5 Qh4+ 11. g3 Bxf3 12. Nxc7+ Kd7 13. Qxf3 Qf6 14. Nd5 Qxf3+ 15. Kxf3 Nge7 16. Nxe7 Nxe7 17. Rae1 Rac8 18. c3 f5 19. Bg5 fxe4+ 20. Rxe4 Rhf8+ 21. Kg2 Rce8 22. Bxe7 Rxe7 23. Rxe7+ Kxe7 24. Re1+ Kd7 25. Re3 Rf7 26. d5 b5 27. b3 Kc7 28. Re6 a5 29. a4 bxa4 30. bxa4 Rd7 31. Kf3 Kb6 32. Ke4 Kc5 33. Re8 Kc4 34. Rc8+ Kb3 35. Kd4 Kxa4 36. c4 Kb3 37. Rb8+ Ka3 38. c5 dxc5+ 39. Kxc5 Rc7+ 40. Kb6 Rc2 41. d6 Rd2 42. Kc6 Rc2+ 43. Kd5 Rd2+ 44. Ke6 1-0